000 00719nam a2200265Ia 4500
005 20260302114836.0
008 008 260114s9999 xx 000 0 eng d
020 _a9781666990362
037 _aTextbook
040 _aCRL
040 _beng
040 _cCRL
041 _2eng
041 _aeng
084 _qCRL
100 _aKate Christine Moore Koppy
_91119929
245 0 _aFairy Tales in Contemporary American Culture How We Hate to Love Them
260 _bBloomsbury
260 _bLexington Books
260 _c2021
650 _aLiterary Studies
856 _uhttps://doi.org/10.5040/9781666990362?locatt=label:secondary_bloomsburyCollections
942 _cEBOOK
999 _c1684034
_d1684034